Osho the mystery beyond mind : (Record no. 101464)

MARC details
000 -LEADER
fixed length control field 00559nam a22001697a 4500
005 - DATE AND TIME OF LATEST TRANSACTION
control field 20160726105908.0
010 ## - LCCN (DPL NO)
LC control number ENG-115528
020 ## - INTERNATIONAL STANDARD BOOK NUMBER
International Standard Book Number 9789352612079
Terms of availability 250.00
037 ## - SOURCE OF ACQUISITION
Source of stock number/acquisition DBAD/PUB
082 ## - DEWEY DECIMAL CLASSIFICATION NUMBER
Classification number 181.499
245 ## - TITLE STATEMENT
Title Osho the mystery beyond mind :
Remainder of title commentaries on the yoga sutras of patanjali /
260 ## - PUBLICATION, DISTRIBUTION, ETC. (IMPRINT)
Place of publication, distribution, etc New Delhi
Name of publisher, distributor, etc Dimond Books
Date of publication, distribution, etc 2016
270 ## - ADDRESS
Address X-30,Okhla Industrial Area,Phase-II
City New Delhi
Postal code 110020
300 ## - PHYSICAL DESCRIPTION
Extent 288p.
Dimensions 21cm(pbk)
490 ## - SERIES STATEMENT
Series statement Yoga: the science of the soul vol-3
942 ## - ADDED ENTRY ELEMENTS (KOHA)
Source of classification or shelving scheme Dewey Decimal Classification
Item type English Books
Classification part 181.499
Call number suffix OSH
Holdings
Withdrawn status Lost status Not for loan Collection code Home library Current library Date acquired Source of acquisition Cost, normal purchase price Full call number Barcode Copy number Cost, replacement price Koha item type
    Not For Loan Non-fiction D.B.Act.Division Bawana 25/07/2016 DBAD/PUB 250.00 181.499 OSH EN-99059 1 250.00 English Books

© Delhi Public Library
Hit Counter
free hit counter